[Event "76th Tata Steel Masters"]
[Site "Wijk aan Zee NED"]
[Date "2014.01.11"]
[Round "1.2"]
[White "Van Wely,L"]
[Black "Karjakin,Sergey"]
[Result "0-1"]
[WhiteTitle "GM"]
[BlackTitle "GM"]
[WhiteElo "2672"]
[BlackElo "2759"]
[WhiteFideId "1000268"]
[BlackFideId "14109603"]
[EventDate "2014.01.11"]

1. d4 Nf6 2. c4 e6 3. g3 d5 4. Bg2 Be7 5. Nf3 O-O 6. O-O dxc4 7. Qc2 a6 8. a4
Bd7 9. Qxc4 Bc6 10. Bf4 a5 11. Nc3 Na6 12. Rae1 Bd5 13. Nxd5 exd5 14. Qb5 Qc8
15. Qb3 Nb4 16. Nd2 c6 17. e4 dxe4 18. Nxe4 Nxe4 19. Rxe4 Qd7 20. Bd2 Nd5 21.
Re2 Bf6 22. Bxd5 Qxd5 23. Qxd5 cxd5 24. Rc1 Bxd4 25. Bf4 Rfd8 26. Rc7 b6 27.
Ree7 Bxb2 28. Rxf7 Rac8 29. Rb7 Rc4 30. Rfc7 Bd4 31. Be3 Rxc7 32. Rxc7 Bxe3 33.
fxe3 d4 34. exd4 Rxd4 35. Rb7 Rb4 36. Kg2 h5 37. Kf3 Kh7 38. h4 Kg6 39. Rd7 Kf6
40. Rd6+ Kf5 41. Rd5+ Ke6 42. Rg5 Kf7 43. Rxh5 Rxa4 44. Rh8 Rb4 45. Ra8 g5 46.
hxg5 Kg6 47. Rg8+ Kh5 48. g4+ Kh4 49. Rg6 a4 50. Rg7 b5 51. Rg8 a3 52. g6 Kg5
53. g7 Rb3+ 54. Ke4 Kg6 55. Ra8 Kxg7 56. Kf5 Rf3+ 57. Ke4 Rc3 58. Kf5 Rc5+ 59.
Kf4 Rc4+ 60. Kf5 Ra4 0-1

[Event "76th Tata Steel Masters"]
[Site "Wijk aan Zee NED"]
[Date "2014.01.11"]
[Round "1.5"]
[White "Rapport,R"]
[Black "So,W"]
[Result "0-1"]
[WhiteTitle "GM"]
[BlackTitle "GM"]
[WhiteElo "2691"]
[BlackElo "2719"]
[WhiteFideId "738590"]
[BlackFideId "5202213"]
[EventDate "2014.01.11"]

1. b3 e5 2. Bb2 Nc6 3. e3 Nf6 4. Bb5 Bd6 5. Na3 a6 6. Bxc6 dxc6 7. Nc4 Qe7 8.
Ne2 b5 9. Nxd6+ cxd6 10. a4 b4 11. O-O O-O 12. Ng3 Nd5 13. f4 f6 14. a5 c5 15.
fxe5 fxe5 16. Rxf8+ Qxf8 17. Qe2 Qe7 18. Qd3 Bb7 19. Rf1 Qd7 20. Qc4 Kh8 21. Qh4
Qe6 22. Qe4 Bc6 23. Qf5 Qe7 24. Ne4 Rd8 25. h4 Kg8 26. h5 Bd7 27. Qf3 Bb5 28. d3
h6 29. Ng3 Qe6 30. Nf5 Ne7 31. Nh4 Bd7 32. Bc1 Re8 33. e4 Kh7 34. Nf5 Nxf5 35.
exf5 Qf6 36. Qb7 Bb5 37. Qe4 d5 38. Qxd5 e4 39. Bf4 exd3 40. cxd3 Re2 41. Qf3
Qd4+ 42. Kh2 Qxd3 43. Qg4 Rxg2+ 44. Qxg2 Qxf1 45. Qg6+ Kh8 46. Bxh6 Qf2+ 47. Kh1
Qe1+ 48. Kh2 Qe5+ 49. Kh1 gxh6 50. Qxh6+ Kg8 51. Qg6+ Qg7 52. Qe6+ Qf7 53. Qc8+
Qf8 54. Qe6+ Qf7 55. Qc8+ Qe8 56. Qxc5 Qc6+ 0-1

[Event "76th Tata Steel Masters"]
[Site "Wijk aan Zee NED"]
[Date "2014.01.11"]
[Round "1.6"]
[White "Nakamura,Hi"]
[Black "Naiditsch,A"]
[Result "1-0"]
[WhiteTitle "GM"]
[BlackTitle "GM"]
[WhiteElo "2789"]
[BlackElo "2718"]
[WhiteFideId "2016192"]
[BlackFideId "4650891"]
[EventDate "2014.01.11"]

1. d4 Nf6 2. c4 e6 3. Nc3 Bb4 4. Qc2 O-O 5. a3 Bxc3+ 6. Qxc3 b6 7. Bg5 Bb7 8. e3
d6 9. f3 h6 10. Bh4 Nbd7 11. Bd3 c5 12. Ne2 Rc8 13. Qb3 d5 14. cxd5 Bxd5 15. Qd1
cxd4 16. Nxd4 Bc4 17. O-O Bxd3 18. Qxd3 Ne5 19. Qe2 Ng6 20. Bf2 e5 21. Nb5 Qe7
22. Rfd1 Rfd8 23. Be1 Nd5 24. Nc3 Nxc3 25. Bxc3 Rxd1+ 26. Rxd1 Rd8 27. Rd2 Rd7
28. Qd1 Nf8 29. Bb4 Rxd2 30. Qxd2 Qd7 31. Bd6 Ng6 32. Kf2 f6 33. Qd5+ Kh7 34.
Qd3 f5 35. h3 a5 36. a4 Nh4 37. b3 Qe6 38. Qd1 Qg6 39. g3 Nxf3 40. Kxf3 Qh5+ 41.
g4 Qxh3+ 42. Ke2 Qxg4+ 43. Kd2 Qe4 44. Qc2 Qg2+ 45. Kc1 Qg1+ 46. Kb2 e4 47. Qc8
Qg6 48. Be5 h5 49. Qd8 Qg2+ 50. Ka3 Qg1 51. Qxb6 f4 52. Qb7 fxe3 53. Qxe4+ Kh8
54. Bd4 Qc1+ 55. Bb2 Qc5+ 56. Ka2 Qg5 57. Bc1 h4 58. Bxe3 Qh5 59. Bf4 Qg4 60.
Qe3 h3 61. Qg3 Qe2+ 62. Ka3 Qe7+ 63. Bd6 Qd7 64. Be5 Kg8 65. Bc3 1-0

[Event "76th Tata Steel Masters"]
[Site "Wijk aan Zee NED"]
[Date "2014.01.11"]
[Round "1.3"]
[White "Harikrishna,P"]
[Black "Aronian,L"]
[Result "1/2-1/2"]
[WhiteTitle "GM"]
[BlackTitle "GM"]
[WhiteElo "2706"]
[BlackElo "2812"]
[WhiteFideId "5007003"]
[BlackFideId "13300474"]
[EventDate "2014.01.11"]

1. e4 e5 2. Nf3 Nc6 3. Bc4 Bc5 4. c3 Nf6 5. d4 exd4 6. cxd4 Bb4+ 7. Bd2 Nxe4 8.
Bxb4 Nxb4 9. Bxf7+ Kxf7 10. Qb3+ d5 11. Ne5+ Ke6 12. Qxb4 Qf8 13. Qxf8 Rxf8 14.
Nc3 c6 15. f3 Nd6 16. Kf2 Nf5 17. Rhe1 Kd6 18. Rad1 g6 19. b4 Bd7 20. Na4 b6 21.
Rd2 Rae8 22. Nc3 Re7 23. Rc1 Be8 24. Ne2 Ng7 25. Re1 Ne6 26. Nc1 Rf4 27. Ne2 Rf5
28. Nc3 Rf4 29. Ne2 Rf5 30. Nc3 Rf4 1/2-1/2

[Event "76th Tata Steel Masters"]
[Site "Wijk aan Zee NED"]
[Date "2014.01.11"]
[Round "1.4"]
[White "Caruana,F"]
[Black "Gelfand,B"]
[Result "1-0"]
[WhiteTitle "GM"]
[BlackTitle "GM"]
[WhiteElo "2782"]
[BlackElo "2777"]
[WhiteFideId "2020009"]
[BlackFideId "2805677"]
[EventDate "2014.01.11"]

1. e4 c5 2. Nf3 d6 3. d4 cxd4 4. Nxd4 Nf6 5. Nc3 a6 6. f3 e5 7. Nb3 Be6 8. Be3
h5 9. Nd5 Bxd5 10. exd5 Nbd7 11. Qd2 g6 12. Be2 Bg7 13. O-O O-O 14. Rac1 b6 15.
h3 Re8 16. g4 hxg4 17. hxg4 Nh7 18. g5 f5 19. gxf6 Bxf6 20. Rf2 Bg5 21. Rg2
Bxe3+ 22. Qxe3 Ndf8 23. Bd3 Ra7 24. Rf1 Rf7 25. Qh6 Kh8 26. Nd2 Rf4 27. Rg4 b5
28. Ne4 Nd7 29. Rxg6 Rg8 30. Ng5 1-0

[Event "76th Tata Steel Masters"]
[Site "Wijk aan Zee NED"]
[Date "2014.01.11"]
[Round "1.1"]
[White "Dominguez Perez,L"]
[Black "Giri,A"]
[Result "1/2-1/2"]
[WhiteTitle "GM"]
[BlackTitle "GM"]
[WhiteElo "2754"]
[BlackElo "2734"]
[WhiteFideId "3503240"]
[BlackFideId "24116068"]
[EventDate "2014.01.11"]

1. e4 e5 2. Nf3 Nc6 3. Bb5 Nf6 4. O-O Nxe4 5. d4 Nd6 6. Bxc6 dxc6 7. dxe5 Nf5 8.
Qxd8+ Kxd8 9. Rd1+ Ke8 10. Bf4 Ne7 11. h3 Ng6 12. Bh2 Be7 13. Nc3 Bd7 14. Nd4
Nf8 15. Rd2 h5 16. Rad1 Rd8 17. a3 h4 18. Nce2 c5 19. e6 Nxe6 20. Nxe6 Bxe6 21.
Bxc7 Rxd2 22. Rxd2 f6 23. Nf4 Kf7 24. Nxe6 Kxe6 25. Kf1 Rc8 26. Ba5 b6 27. Bc3
b5 28. Re2+ Kf7 29. Rd2 Ke6 30. Re2+ Kf7 31. Rd2 1/2-1/2

[Event "76th Tata Steel Masters"]
[Site "Wijk aan Zee NED"]
[Date "2014.01.12"]
[Round "2.2"]
[White "Giri,A"]
[Black "Naiditsch,A"]
[Result "1-0"]
[WhiteTitle "GM"]
[BlackTitle "GM"]
[WhiteElo "2734"]
[BlackElo "2718"]
[WhiteFideId "24116068"]
[BlackFideId "4650891"]
[EventDate "2014.01.11"]

1. d4 Nf6 2. c4 e6 3. Nf3 Bb4+ 4. Nbd2 O-O 5. a3 Be7 6. e4 d5 7. e5 Nfd7 8. Bd3
c5 9. h4 g6 10. h5 cxd4 11. Qc2 Nc5 12. cxd5 Nxd3+ 13. Qxd3 Qxd5 14. Ne4 Nc6 15.
Bh6 Qa5+ 16. Qd2 Qxd2+ 17. Kxd2 Rd8 18. hxg6 fxg6 19. Bg5 h5 20. g4 Bxg5+ 21.
Nfxg5 Nxe5 22. gxh5 Nc4+ 23. Ke1 Bd7 24. b3 Na5 25. Rc1 Bc6 26. hxg6 Bxe4 27.
Nxe4 Kg7 28. Rc7+ Kxg6 29. Rg1+ Kf5 30. f3 e5 31. Rg5+ Kf4 32. Kf2 Rf8 33. Rh7 1-0

[Event "76th Tata Steel Masters"]
[Site "Wijk aan Zee NED"]
[Date "2014.01.12"]
[Round "2.5"]
[White "Karjakin,Sergey"]
[Black "Harikrishna,P"]
[Result "1/2-1/2"]
[WhiteTitle "GM"]
[BlackTitle "GM"]
[WhiteElo "2759"]
[BlackElo "2706"]
[WhiteFideId "14109603"]
[BlackFideId "5007003"]
[EventDate "2014.01.11"]

1. d4 Nf6 2. c4 e6 3. Nf3 d5 4. Nc3 Be7 5. Bf4 O-O 6. e3 Nbd7 7. a3 c5 8. cxd5
Nxd5 9. Nxd5 exd5 10. dxc5 Nxc5 11. Be5 Bf6 12. Bxf6 Qxf6 13. Qd4 Qxd4 14. Nxd4
Bd7 15. f3 Rfc8 16. Kd2 Ne6 17. Bd3 Nxd4 18. exd4 Kf8 19. Rhe1 Rc6 20. h4 Rac8
21. Re5 Be6 22. Rae1 a5 23. a4 Rd6 24. b3 h6 25. g4 Bd7 26. g5 hxg5 27. Rxg5 Re8
28. Reg1 g6 29. h5 gxh5 30. Rxh5 Ke7 31. Rgg5 Bc6 32. Ke3 Re6+ 33. Kf4 Rf6+ 34.
Rf5 Rxf5+ 35. Bxf5 Rg8 36. Bg4 Rd8 37. Ke5 Rg8 38. Kf4 Rd8 39. Re5+ Kf8 40. Rh5 1/2-1/2

[Event "76th Tata Steel Masters"]
[Site "Wijk aan Zee NED"]
[Date "2014.01.12"]
[Round "2.3"]
[White "So,W"]
[Black "Nakamura,Hi"]
[Result "1/2-1/2"]
[WhiteTitle "GM"]
[BlackTitle "GM"]
[WhiteElo "2719"]
[BlackElo "2789"]
[WhiteFideId "5202213"]
[BlackFideId "2016192"]
[EventDate "2014.01.11"]

1. c4 e6 2. Nc3 d5 3. d4 c6 4. e4 Bb4 5. e5 c5 6. cxd5 exd5 7. a3 Bxc3+ 8. bxc3
Nc6 9. Nf3 Nge7 10. Be2 O-O 11. O-O cxd4 12. cxd4 h6 13. Bd2 Bf5 14. Qb3 Bg4 15.
Bc3 Qd7 16. h3 Be6 17. Rfd1 Ng6 18. Bf1 Rac8 19. Rac1 Rc7 20. Qb2 Qe7 21. g3
Rfc8 22. Kh2 f6 23. exf6 Qxf6 24. Bg2 Nce7 25. Bb4 Rxc1 26. Rxc1 Rxc1 27. Qxc1
Nc6 1/2-1/2

[Event "76th Tata Steel Masters"]
[Site "Wijk aan Zee NED"]
[Date "2014.01.12"]
[Round "2.4"]
[White "Aronian,L"]
[Black "Caruana,F"]
[Result "1-0"]
[WhiteTitle "GM"]
[BlackTitle "GM"]
[WhiteElo "2812"]
[BlackElo "2782"]
[WhiteFideId "13300474"]
[BlackFideId "2020009"]
[EventDate "2014.01.11"]

1. Nf3 Nf6 2. c4 c5 3. Nc3 d5 4. cxd5 Nxd5 5. d4 Nxc3 6. bxc3 g6 7. Bf4 Bg7 8.
e3 O-O 9. Bd3 Nd7 10. O-O Qa5 11. Qc2 cxd4 12. cxd4 e5 13. Bg3 exd4 14. Nxd4 Nb6
15. Qc7 Bxd4 16. exd4 Bf5 17. Bxf5 Qxf5 18. Qxb7 Rfd8 19. Rfd1 Rd7 20. Qa6 Qe4
21. Be5 Rf8 22. h3 f6 23. Bg3 Rff7 24. f3 Qf5 25. Rac1 Kg7 26. Kh2 Rfe7 27. Rc5
Nd5 28. Qa5 Qe6 29. Re1 Qf7 30. Re4 Ne3 31. Bf2 Nf5 32. Qd2 Re6 33. Rxe6 Qxe6
34. d5 Qd6+ 35. Kg1 Rb7 36. Qe1 Ne7 37. Ra5 Nxd5 38. Qd1 Rd7 39. Rxa7 Rxa7 40.
Bxa7 g5 41. a4 Qa6 42. Bd4 Qc4 43. Qa1 Qc2 44. a5 Nf4 45. Bf2 Ne2+ 46. Kh2 Nf4
47. Qf1 Nd3 48. Bd4 Qd2 49. Bg1 Qf4+ 50. Kh1 Qc4 51. Qa1 Qc2 52. Be3 h6 53. a6
Qe2 54. Qg1 Qa2 55. a7 Nb4 56. Qd1 Nd5 57. Qd2 Qa1+ 58. Bg1 1-0

[Event "76th Tata Steel Masters"]
[Site "Wijk aan Zee NED"]
[Date "2014.01.12"]
[Round "2.6"]
[White "Dominguez Perez,L"]
[Black "Van Wely,L"]
[Result "1/2-1/2"]
[WhiteTitle "GM"]
[BlackTitle "GM"]
[WhiteElo "2754"]
[BlackElo "2672"]
[WhiteFideId "3503240"]
[BlackFideId "1000268"]
[EventDate "2014.01.11"]

1. e4 c5 2. Nf3 g6 3. d4 Bg7 4. dxc5 Qa5+ 5. c3 Qxc5 6. Na3 Qa5 7. Qd5 Qxd5 8.
exd5 Nf6 9. d6 e6 10. Nb5 Na6 11. a4 O-O 12. a5 b6 13. Be2 Bb7 14. O-O Nc5 15.
Nc7 Nb3 16. Ra3 Nxc1 17. Rxc1 Rab8 18. Ne5 bxa5 19. Rxa5 Rfd8 20. Rxa7 Ne4 21.
Nc4 Bd5 22. Nxd5 exd5 23. Bf3 Nxc3 24. bxc3 dxc4 25. g3 Rb6 26. Rc7 Rxd6 1/2-1/2

[Event "76th Tata Steel Masters"]
[Site "Wijk aan Zee NED"]
[Date "2014.01.13"]
[Round "3.2"]
[White "Harikrishna,P"]
[Black "Dominguez Perez,L"]
[Result "1-0"]
[WhiteTitle "GM"]
[BlackTitle "GM"]
[WhiteElo "2706"]
[BlackElo "2754"]
[WhiteFideId "5007003"]
[BlackFideId "3503240"]
[EventDate "2014.01.11"]

1. e4 c5 2. Nf3 d6 3. d4 cxd4 4. Nxd4 Nf6 5. Nc3 a6 6. Be2 e5 7. Nb3 Be7 8. O-O
O-O 9. Be3 Be6 10. Qd3 Nbd7 11. Nd5 Bxd5 12. exd5 Ne8 13. Bg4 Nef6 14. Bh3 Re8
15. c4 e4 16. Qe2 Nc5 17. Rad1 Qc7 18. Nxc5 dxc5 19. g3 Bd6 20. Bg5 Qe7 21. Bg2
h6 22. Bxf6 Qxf6 23. Bxe4 Qg6 24. Bxg6 Rxe2 25. Bh5 Rxb2 26. Rb1 Rb4 27. Rfc1 b6
28. a3 Rxb1 29. Rxb1 Rb8 30. a4 Kf8 31. Kg2 g6 32. Be2 a5 33. Bd3 h5 34. f4 Kg7
35. Kf3 Rb7 36. h3 Rb8 37. g4 hxg4+ 38. hxg4 Bc7 39. g5 Rh8 40. Kg4 Rb8 41. Re1
Bd6 42. f5 gxf5+ 43. Bxf5 Rh8 44. Rb1 Rb8 45. Bd3 Bc7 46. Re1 Bd6 47. Rh1 Rh8
48. Rb1 Rb8 49. Kf5 Bc7 50. Re1 Bd6 51. Rh1 Re8 52. Rh6 Re5+ 53. Kg4 Be7 54.
Rxb6 Rxg5+ 55. Kf4 Rh5 56. Bf5 Rh1 57. d6 Rf1+ 58. Kg4 Rg1+ 59. Kh3 Bg5 60. Be4
Ra1 61. Rc6 Rxa4 62. Rxc5 Bf6 63. Rc8 Ra3+ 64. Kg4 a4 65. c5 Rc3 66. c6 a3 67.
Ra8 Rc4 68. Kf4 Rc5 69. d7 Bg5+ 70. Kg3 f5 71. Bf3 Kf7 72. Bd5+ Kg6 73. Rg8+ Kh6
74. Rxg5 Rxd5 75. Rg8 1-0

[Event "76th Tata Steel Masters"]
[Site "Wijk aan Zee NED"]
[Date "2014.01.13"]
[Round "3.3"]
[White "Caruana,F"]
[Black "Karjakin,Sergey"]
[Result "1-0"]
[WhiteTitle "GM"]
[BlackTitle "GM"]
[WhiteElo "2782"]
[BlackElo "2759"]
[WhiteFideId "2020009"]
[BlackFideId "14109603"]
[EventDate "2014.01.11"]

1. d4 Nf6 2. c4 e6 3. g3 d5 4. Nf3 Be7 5. Bg2 O-O 6. O-O dxc4 7. Qa4 a6 8. Qxc4
b5 9. Qc2 Bb7 10. Bd2 Bd6 11. a3 Nbd7 12. b4 Ra7 13. Bc3 Be4 14. Qc1 Qa8 15.
Nbd2 Bd5 16. Qc2 Nb6 17. Ne1 Na4 18. Nb3 Be4 19. Bxe4 Qxe4 20. Ra2 Nxc3 21. Qxc3
e5 22. Nf3 exd4 23. Nfxd4 Raa8 24. Rc2 Nd5 25. Qf3 Qxf3 26. Nxf3 Rfe8 27. Rd1
Nb6 28. Na5 g6 29. e3 Kg7 30. Rd3 Rac8 31. Rc6 Rb8 32. Kf1 h5 33. h3 Kf6 34. Nd2
Kg7 35. Ndb3 Re6 36. Kg2 Kf8 37. f4 Ree8 38. Kf3 Red8 39. Rc2 Rd7 40. e4 Ke8 41.
e5 Be7 42. Rxd7 Kxd7 43. Rd2+ Ke8 44. Nc6 Ra8 45. Nba5 f5 46. g4 hxg4+ 47. hxg4
fxg4+ 48. Kxg4 Kf7 49. Rh2 Bf8 50. f5 Nd5 51. f6 Nxf6+ 52. exf6 Kxf6 53. Rf2+
Ke6 54. Re2+ Kd5 55. Rd2+ Ke4 56. Nb7 Ke3 57. Rd7 Re8 58. Rxc7 Bh6 59. Nc5 Rf8
60. Re7+ Kd2 61. Re6 Rf1 62. Na7 Be3 63. Rxa6 Ke2 64. Rxg6 Rf4+ 65. Kh3 Rf3+ 66.
Rg3 Rf7 67. Nxb5 Bf2 68. Rb3 Rf4 69. Nc3+ Kf1 70. Rb1+ Be1 71. Rxe1+ 1-0

[Event "76th Tata Steel Masters"]
[Site "Wijk aan Zee NED"]
[Date "2014.01.13"]
[Round "3.4"]
[White "Rapport,R"]
[Black "Aronian,L"]
[Result "1/2-1/2"]
[WhiteTitle "GM"]
[BlackTitle "GM"]
[WhiteElo "2691"]
[BlackElo "2812"]
[WhiteFideId "738590"]
[BlackFideId "13300474"]
[EventDate "2014.01.11"]

1. d4 Nf6 2. Bg5 d5 3. e3 Nbd7 4. Nf3 h6 5. Bf4 g5 6. Bg3 Ne4 7. Nc3 Nxg3 8.
hxg3 g4 9. Nd2 Nf6 10. Qe2 c6 11. e4 dxe4 12. O-O-O Bf5 13. Ndxe4 e6 14. f3 Bg7
15. fxg4 Bxe4 16. Nxe4 Nxe4 17. Qxe4 Qd5 18. Qxd5 cxd5 19. Be2 Bf6 20. Rhf1 Be7
21. Bb5+ Kf8 22. Rf3 Kg7 23. Rdf1 Rhf8 24. Be2 Rac8 25. a4 Rc7 26. Rc3 Rxc3 27.
bxc3 Rc8 28. Kb2 Rc6 29. Kb3 Bd6 30. Rf3 Rb6+ 31. Ka2 a6 32. Bd3 Bc7 33. Be2 Rd6
34. Kb3 Rb6+ 35. Ka2 Rc6 36. Kb3 Ba5 37. Re3 Bd8 38. c4 dxc4+ 39. Bxc4 Rb6+ 40.
Kc3 Rb1 41. Bb3 Rd1 1/2-1/2

[Event "76th Tata Steel Masters"]
[Site "Wijk aan Zee NED"]
[Date "2014.01.13"]
[Round "3.5"]
[White "Nakamura,Hi"]
[Black "Gelfand,B"]
[Result "1/2-1/2"]
[WhiteTitle "GM"]
[BlackTitle "GM"]
[WhiteElo "2789"]
[BlackElo "2777"]
[WhiteFideId "2016192"]
[BlackFideId "2805677"]
[EventDate "2014.01.11"]

1. Nf3 c5 2. c4 Nc6 3. Nc3 Nf6 4. d4 cxd4 5. Nxd4 e6 6. e4 Bb4 7. Nxc6 bxc6 8.
Bd3 e5 9. O-O O-O 10. Bg5 h6 11. Bh4 Bc5 12. Kh1 d6 13. f3 Be6 14. Qc2 Rb8 15.
Rad1 Bd4 16. b3 g5 17. Bf2 c5 18. Nb5 Qd7 19. g4 Kg7 20. Qd2 Ng8 21. Bg3 f6 22.
b4 Ne7 23. Nxd4 cxd4 24. b5 Rfc8 25. Rc1 Rc5 26. Rc2 Nc8 27. Rfc1 Nb6 28. Qe2
Rbc8 29. Be1 Na4 30. Bb4 R5c7 31. Kg2 h5 32. h3 Rh8 33. Rh1 Rcc8 34. Rcc1 Qc7
35. Qc2 Nb6 36. Ba5 Qc5 37. Bxb6 axb6 38. Qb3 hxg4 39. hxg4 Rxh1 40. Kxh1 d5 41.
exd5 Bxd5 42. Kg2 Rh8 43. Qb1 Bf7 44. Rh1 Rxh1 45. Qxh1 Bg6 46. Bxg6 Kxg6 47.
Qh5+ Kg7 48. Qe8 Qxc4 49. a4 Qc2+ 50. Kg3 Qc7 51. Qc6 Qd8 52. a5 bxa5 53. b6 d3
54. Qc7+ Qxc7 55. bxc7 d2 56. c8=Q d1=Q 57. Qc7+ Kh6 58. Qe7 Qg1+ 59. Kh3 1/2-1/2

[Event "76th Tata Steel Masters"]
[Site "Wijk aan Zee NED"]
[Date "2014.01.13"]
[Round "3.1"]
[White "Naiditsch,A"]
[Black "So,W"]
[Result "1/2-1/2"]
[WhiteTitle "GM"]
[BlackTitle "GM"]
[WhiteElo "2718"]
[BlackElo "2719"]
[WhiteFideId "4650891"]
[BlackFideId "5202213"]
[EventDate "2014.01.11"]

1. e4 e5 2. Nf3 Nc6 3. Bb5 Nf6 4. O-O Nxe4 5. d4 Nd6 6. Bxc6 dxc6 7. dxe5 Nf5 8.
Qxd8+ Kxd8 9. Nc3 Ke8 10. h3 h5 11. Bf4 Be7 12. Rad1 Be6 13. Ng5 Rh6 14. g3 Bxg5
15. Bxg5 Rg6 16. h4 f6 17. exf6 gxf6 18. Bf4 Nxh4 19. f3 Rd8 20. Rxd8+ Kxd8 21.
Kf2 Nf5 22. Rh1 Ng7 23. Nd1 Bf7 24. b3 b6 25. c4 Be8 26. Nc3 Ne6 27. Bc1 Rg8 28.
Ne4 Ke7 29. Bb2 Rf8 30. Re1 Bg6 31. Ba3+ c5 32. Nxc5 bxc5 33. Bxc5+ Kd7 34. Rxe6
Kxe6 35. Bxf8 1/2-1/2

[Event "76th Tata Steel Masters"]
[Site "Wijk aan Zee NED"]
[Date "2014.01.13"]
[Round "3.6"]
[White "Van Wely,L"]
[Black "Giri,A"]
[Result "1/2-1/2"]
[WhiteTitle "GM"]
[BlackTitle "GM"]
[WhiteElo "2672"]
[BlackElo "2734"]
[WhiteFideId "1000268"]
[BlackFideId "24116068"]
[EventDate "2014.01.11"]

1. d4 Nf6 2. Bg5 e6 3. e4 h6 4. Bxf6 Qxf6 5. c3 d6 6. Bd3 e5 7. Ne2 Qd8 8. O-O
Be7 9. f4 O-O 10. Nd2 exd4 11. Nxd4 Re8 12. Qh5 Nd7 13. Bc4 Rf8 14. e5 Nb6 15.
Bb3 c5 16. exd6 cxd4 17. dxe7 Qxe7 18. Rae1 Qd8 19. Ne4 dxc3 20. f5 Qd4+ 21. Kh1
cxb2 22. f6 Be6 23. fxg7 Qxg7 24. Rf3 Rac8 25. Rg3 Qxg3 26. hxg3 Rc1 27. Bd1
b1=Q 28. Qxh6 Nd5 29. Qg5+ Kh8 30. Qh6+ Kg8 1/2-1/2

[Event "76th Tata Steel Masters"]
[Site "Wijk aan Zee NED"]
[Date "2014.01.15"]
[Round "4.2"]
[White "Karjakin,Sergey"]
[Black "Rapport,R"]
[Result "1-0"]
[WhiteTitle "GM"]
[BlackTitle "GM"]
[WhiteElo "2759"]
[BlackElo "2691"]
[WhiteFideId "14109603"]
[BlackFideId "738590"]
[EventDate "2014.01.11"]

1. e4 e6 2. d4 d5 3. Nc3 Bb4 4. e5 c5 5. a3 Bxc3+ 6. bxc3 Qc7 7. Qg4 f6 8. Nf3
c4 9. h4 Nc6 10. Qg3 fxe5 11. Nxe5 Nf6 12. Bf4 Qa5 13. Nxc6 bxc6 14. Bc7 Qa4 15.
Kd1 O-O 16. f3 e5 17. Bxe5 Bf5 18. Ra2 Rf7 19. Be2 Nd7 20. Re1 Re8 21. f4 Nf6
22. Bf3 Ne4 23. Bxe4 Bxe4 24. h5 h6 25. Kd2 Qb5 26. a4 Qb7 27. a5 a6 28. Qg4 Qa7
29. Rb2 Bf5 30. Qg3 Qe7 31. Rb6 Rc8 32. Reb1 Qa3 33. Rb7 Qa4 34. R1b2 Rxb7 35.
Rxb7 Qxc2+ 36. Ke1 Qc1+ 37. Kf2 Qd2+ 38. Kf1 Qd3+ 39. Qxd3 cxd3 40. g4 Be4 41.
f5 c5 42. Rxg7+ Kf8 43. f6 Rc6 44. Ke1 1-0

[Event "76th Tata Steel Masters"]
[Site "Wijk aan Zee NED"]
[Date "2014.01.15"]
[Round "4.6"]
[White "Giri,A"]
[Black "So,W"]
[Result "1/2-1/2"]
[WhiteTitle "GM"]
[BlackTitle "GM"]
[WhiteElo "2734"]
[BlackElo "2719"]
[WhiteFideId "24116068"]
[BlackFideId "5202213"]
[EventDate "2014.01.11"]

1. Nf3 d5 2. d4 Nf6 3. c4 e6 4. g3 Bb4+ 5. Bd2 Be7 6. Bg2 c6 7. O-O O-O 8. Qc2
b6 9. Rd1 Nbd7 10. Bf4 Bb7 11. Ne5 Nh5 12. Bd2 Nhf6 13. Bf4 Nh5 14. Bd2 Nhf6 15.
cxd5 cxd5 16. Nc6 Bxc6 17. Qxc6 Rc8 18. Qb5 Ne8 19. Qd3 Nd6 20. b3 f5 21. Be1
Nb8 22. e3 Nc6 23. f3 Qd7 24. Nc3 Rc7 25. Rac1 Rfc8 26. Bf1 Ne8 27. Nb5 Nb4 28.
Rxc7 Nxc7 29. Bxb4 Bxb4 30. Rc1 Ne8 31. Rxc8 Qxc8 32. a3 Be7 33. Nxa7 Qc1 34.
Nb5 g5 35. b4 g4 36. fxg4 fxg4 37. Qc3 Qd1 38. Qd3 Qc1 39. e4 Nf6 40. Nc3 dxe4
41. Nxe4 Nd5 42. Kf2 Bf8 43. h3 Qb2+ 44. Be2 Bg7 45. hxg4 Qxd4+ 46. Kf3 Qxd3+
47. Bxd3 Bb2 48. b5 Bxa3 49. Ng5 h6 50. Nxe6 Kf7 51. Nd4 Kf6 52. Nf5 Bc1 53. Ke4
Ne7 54. Nd6 Ba3 55. Nc4 Bc5 56. Be2 Nc8 57. Ne5 Bd6 1/2-1/2

[Event "76th Tata Steel Masters"]
[Site "Wijk aan Zee NED"]
[Date "2014.01.15"]
[Round "4.5"]
[White "Gelfand,B"]
[Black "Naiditsch,A"]
[Result "1/2-1/2"]
[WhiteTitle "GM"]
[BlackTitle "GM"]
[WhiteElo "2777"]
[BlackElo "2718"]
[WhiteFideId "2805677"]
[BlackFideId "4650891"]
[EventDate "2014.01.11"]

1. d4 Nf6 2. c4 g6 3. Nc3 Bg7 4. e4 d6 5. Be2 O-O 6. Bg5 Na6 7. Nf3 h6 8. Be3 e5
9. O-O Ng4 10. Bc1 exd4 11. Nxd4 Qf6 12. Nb3 Qh4 13. Bf4 Be5 14. Bxe5 dxe5 15.
h3 Nf6 16. Nd2 Rd8 17. Nd5 Nxd5 18. cxd5 c6 19. Re1 cxd5 20. Bxa6 bxa6 21. Nf3
Qf6 22. exd5 Rb8 23. Qd2 e4 24. Rxe4 Qxb2 25. Rd1 Qxd2 26. Rxd2 Rb5 27. d6 Bb7
28. Red4 Bxf3 29. gxf3 Rd7 30. f4 1/2-1/2

[Event "76th Tata Steel Masters"]
[Site "Wijk aan Zee NED"]
[Date "2014.01.15"]
[Round "4.4"]
[White "Aronian,L"]
[Black "Nakamura,Hi"]
[Result "1-0"]
[WhiteTitle "GM"]
[BlackTitle "GM"]
[WhiteElo "2812"]
[BlackElo "2789"]
[WhiteFideId "13300474"]
[BlackFideId "2016192"]
[EventDate "2014.01.11"]

1. d4 Nf6 2. Nf3 g6 3. c4 Bg7 4. Nc3 d6 5. e4 O-O 6. Be2 e5 7. Be3 Ng4 8. Bg5 f6
9. Bh4 g5 10. Bg3 Nh6 11. c5 g4 12. Nh4 Nc6 13. cxd6 cxd6 14. dxe5 dxe5 15. Bc4+
Kh8 16. Qxd8 Rxd8 17. O-O Nd4 18. Rad1 Be6 19. Bxe6 Nxe6 20. f3 gxf3 21. gxf3
Rxd1 22. Rxd1 Rd8 23. Rxd8+ Nxd8 24. Bf2 a6 25. Kf1 Kg8 26. Ke2 Kf7 27. Be3 Ke6
28. Na4 Bf8 29. Bxh6 Bxh6 30. Nc5+ Kf7 31. Kd3 Bf4 32. h3 Bg5 33. Nf5 Ne6 34.
Nxe6 Kxe6 35. Kc4 b6 36. a4 Bd2 37. b3 h5 38. b4 a5 39. bxa5 bxa5 40. Kb5 Kd7
41. Ng7 h4 42. Nf5 Be1 43. Ne3 Ke6 44. Nc4 1-0